<?xml version="1.0" encoding="UTF-8"?>
<record
    xmlns:xsi="http://www.w3.org/2001/XMLSchema-instance"
    xsi:schemaLocation="http://www.loc.gov/MARC21/slim http://www.loc.gov/standards/marcxml/schema/MARC21slim.xsd"
    xmlns="http://www.loc.gov/MARC21/slim">

  <leader>01241cas a2200385 a 4500</leader>
  <controlfield tag="001">642</controlfield>
  <controlfield tag="003">BD-RjUL</controlfield>
  <controlfield tag="005">20211208233218.0</controlfield>
  <controlfield tag="008">131120c19879999bg fr p      f0    0eng  </controlfield>
  <datafield tag="035" ind1=" " ind2=" ">
    <subfield code="a">(OCoLC)ocm19000115 </subfield>
  </datafield>
  <datafield tag="035" ind1=" " ind2=" ">
    <subfield code="a">(BD-RjUL)660</subfield>
  </datafield>
  <datafield tag="040" ind1=" " ind2=" ">
    <subfield code="a">DLC</subfield>
    <subfield code="c">DLC</subfield>
    <subfield code="d">NIC</subfield>
    <subfield code="d">ICRL</subfield>
    <subfield code="d">DNAL</subfield>
    <subfield code="d">NST</subfield>
    <subfield code="d">DLC</subfield>
    <subfield code="d">MiU</subfield>
    <subfield code="d">ICRL</subfield>
    <subfield code="d">OCoLC</subfield>
    <subfield code="d">BD-RjUL</subfield>
  </datafield>
  <datafield tag="042" ind1=" " ind2=" ">
    <subfield code="a">pcc</subfield>
  </datafield>
  <datafield tag="043" ind1=" " ind2=" ">
    <subfield code="a">a-bg---</subfield>
  </datafield>
  <datafield tag="070" ind1="0" ind2=" ">
    <subfield code="a">HT395.B35B3</subfield>
  </datafield>
  <datafield tag="072" ind1=" " ind2="0">
    <subfield code="a">E550</subfield>
  </datafield>
  <datafield tag="082" ind1="0" ind2="0">
    <subfield code="a">307.7209549265</subfield>
    <subfield code="2">20</subfield>
    <subfield code="b">JRD 1993-94</subfield>
  </datafield>
  <datafield tag="130" ind1="0" ind2=" ">
    <subfield code="a">Journal of rural development (Comilla, Bangladesh)</subfield>
    <subfield code="9">1941</subfield>
  </datafield>
  <datafield tag="245" ind1="0" ind2="4">
    <subfield code="a">The journal of rural development.</subfield>
  </datafield>
  <datafield tag="246" ind1="1" ind2="7">
    <subfield code="a">Rural development</subfield>
  </datafield>
  <datafield tag="260" ind1=" " ind2=" ">
    <subfield code="a">Comilla, Bangladesh :</subfield>
    <subfield code="b">Bangladesh Academy for Rural Development,</subfield>
    <subfield code="c">[1987-</subfield>
  </datafield>
  <datafield tag="300" ind1=" " ind2=" ">
    <subfield code="a">v. ;</subfield>
    <subfield code="c">25 cm.</subfield>
  </datafield>
  <datafield tag="650" ind1=" " ind2="0">
    <subfield code="a">Rural development</subfield>
    <subfield code="z">Bangladesh</subfield>
    <subfield code="v">Periodicals.</subfield>
    <subfield code="9">1942</subfield>
  </datafield>
  <datafield tag="710" ind1="2" ind2=" ">
    <subfield code="a">Bangladesh Academy for Rural Development</subfield>
    <subfield code="9">1943</subfield>
  </datafield>
  <datafield tag="780" ind1="0" ind2="0">
    <subfield code="t">Journal of BARD</subfield>
    <subfield code="w">(DLC)   84650619</subfield>
    <subfield code="w">(OCoLC)11526268</subfield>
  </datafield>
  <datafield tag="906" ind1=" " ind2=" ">
    <subfield code="a">7</subfield>
    <subfield code="b">cbc</subfield>
    <subfield code="c">serials</subfield>
    <subfield code="d">2</subfield>
    <subfield code="e">ncip</subfield>
    <subfield code="f">19</subfield>
    <subfield code="g">n-oclcserc</subfield>
  </datafield>
  <datafield tag="942" ind1=" " ind2=" ">
    <subfield code="2">ddc</subfield>
    <subfield code="c">CR</subfield>
  </datafield>
  <datafield tag="999" ind1=" " ind2=" ">
    <subfield code="c">642</subfield>
    <subfield code="d">642</subfield>
  </datafield>
  <datafield tag="952" ind1=" " ind2=" ">
    <subfield code="0">0</subfield>
    <subfield code="1">0</subfield>
    <subfield code="2">ddc</subfield>
    <subfield code="4">0</subfield>
    <subfield code="5">1</subfield>
    <subfield code="7">1</subfield>
    <subfield code="a">RUCL</subfield>
    <subfield code="b">RUCL</subfield>
    <subfield code="d">1995-01-16</subfield>
    <subfield code="e">Gift, Bangladesh Academy for Rural Development</subfield>
    <subfield code="g">0.00</subfield>
    <subfield code="h">Volume 23-24 No.1-2  (1993-94)</subfield>
    <subfield code="l">0</subfield>
    <subfield code="o">P 307.7209549265 JRD V.23-24No.1-2 1993-94</subfield>
    <subfield code="r">2013-11-20 00:00:00</subfield>
    <subfield code="t">C-1</subfield>
    <subfield code="w">2013-11-20</subfield>
    <subfield code="y">CR</subfield>
  </datafield>
  <datafield tag="952" ind1=" " ind2=" ">
    <subfield code="0">0</subfield>
    <subfield code="1">0</subfield>
    <subfield code="2">ddc</subfield>
    <subfield code="4">0</subfield>
    <subfield code="5">1</subfield>
    <subfield code="7">1</subfield>
    <subfield code="a">RUCL</subfield>
    <subfield code="b">RUCL</subfield>
    <subfield code="c">Serials </subfield>
    <subfield code="d">2014-04-12</subfield>
    <subfield code="e">Gift, BARD</subfield>
    <subfield code="g">0.00</subfield>
    <subfield code="h">Volume 34 No.1-2  (2007)</subfield>
    <subfield code="l">0</subfield>
    <subfield code="o">P 307.7209549265 JRD V.34 No.1-2 2007</subfield>
    <subfield code="r">2014-04-13 00:00:00</subfield>
    <subfield code="t">C-1</subfield>
    <subfield code="w">2014-04-13</subfield>
    <subfield code="y">CR</subfield>
  </datafield>
  <datafield tag="952" ind1=" " ind2=" ">
    <subfield code="0">0</subfield>
    <subfield code="1">0</subfield>
    <subfield code="2">ddc</subfield>
    <subfield code="4">0</subfield>
    <subfield code="5">1</subfield>
    <subfield code="7">1</subfield>
    <subfield code="a">RUCL</subfield>
    <subfield code="b">RUCL</subfield>
    <subfield code="c">Serials </subfield>
    <subfield code="d">2014-04-12</subfield>
    <subfield code="e">Gift, BARD</subfield>
    <subfield code="g">0.00</subfield>
    <subfield code="h">Volume 36 No.1-2  (2009)</subfield>
    <subfield code="l">0</subfield>
    <subfield code="o">P 307.7209549265 JRD V.36 No.1-2 2009</subfield>
    <subfield code="r">2014-04-13 00:00:00</subfield>
    <subfield code="t">C-1</subfield>
    <subfield code="w">2014-04-13</subfield>
    <subfield code="y">CR</subfield>
  </datafield>
  <datafield tag="952" ind1=" " ind2=" ">
    <subfield code="0">0</subfield>
    <subfield code="1">0</subfield>
    <subfield code="2">ddc</subfield>
    <subfield code="4">0</subfield>
    <subfield code="5">1</subfield>
    <subfield code="7">1</subfield>
    <subfield code="a">RUCL</subfield>
    <subfield code="b">RUCL</subfield>
    <subfield code="c">Serials </subfield>
    <subfield code="d">2008-10-22</subfield>
    <subfield code="e">Bangladesh Academy for Rural Development, Comilla</subfield>
    <subfield code="g">0.00</subfield>
    <subfield code="h">Volume-18 No.1-2 (1988)</subfield>
    <subfield code="l">0</subfield>
    <subfield code="o">P 307.7209549265 JRD V.18 No.1-2 1988</subfield>
    <subfield code="r">2014-04-20 00:00:00</subfield>
    <subfield code="t">C-1</subfield>
    <subfield code="w">2014-04-20</subfield>
    <subfield code="y">CR</subfield>
  </datafield>
  <datafield tag="952" ind1=" " ind2=" ">
    <subfield code="0">0</subfield>
    <subfield code="1">0</subfield>
    <subfield code="2">ddc</subfield>
    <subfield code="4">0</subfield>
    <subfield code="5">1</subfield>
    <subfield code="7">1</subfield>
    <subfield code="a">RUCL</subfield>
    <subfield code="b">RUCL</subfield>
    <subfield code="c">Serials </subfield>
    <subfield code="d">2014-05-24</subfield>
    <subfield code="e">BARD, Gift</subfield>
    <subfield code="h">Volume 22 No.1-2  (1992)</subfield>
    <subfield code="l">0</subfield>
    <subfield code="o">P 307.7209549265 JRD V-22 No.1-2 1992</subfield>
    <subfield code="r">2014-05-28 00:00:00</subfield>
    <subfield code="t">C-1</subfield>
    <subfield code="w">2014-05-28</subfield>
    <subfield code="y">CR</subfield>
  </datafield>
  <datafield tag="952" ind1=" " ind2=" ">
    <subfield code="0">0</subfield>
    <subfield code="1">0</subfield>
    <subfield code="2">ddc</subfield>
    <subfield code="4">0</subfield>
    <subfield code="5">1</subfield>
    <subfield code="7">1</subfield>
    <subfield code="a">RUCL</subfield>
    <subfield code="b">RUCL</subfield>
    <subfield code="c">Serials </subfield>
    <subfield code="d">2014-05-24</subfield>
    <subfield code="e">BARD, Gift</subfield>
    <subfield code="h">Volume 27 No.1-2  (1997)</subfield>
    <subfield code="l">0</subfield>
    <subfield code="o">P 307.7209549265 JRD V-27 No.1-2 1997</subfield>
    <subfield code="r">2014-05-28 00:00:00</subfield>
    <subfield code="t">C-1</subfield>
    <subfield code="w">2014-05-28</subfield>
    <subfield code="y">CR</subfield>
  </datafield>
  <datafield tag="952" ind1=" " ind2=" ">
    <subfield code="0">0</subfield>
    <subfield code="1">0</subfield>
    <subfield code="2">ddc</subfield>
    <subfield code="4">0</subfield>
    <subfield code="5">1</subfield>
    <subfield code="7">1</subfield>
    <subfield code="a">RUCL</subfield>
    <subfield code="b">RUCL</subfield>
    <subfield code="c">Serials </subfield>
    <subfield code="d">2014-05-24</subfield>
    <subfield code="e">BARD, Gift</subfield>
    <subfield code="h">Volume 31 No.1-2  (2001)</subfield>
    <subfield code="l">0</subfield>
    <subfield code="o">P 307.7209549265 JRD V-31No.1-2 2001</subfield>
    <subfield code="r">2014-05-28 00:00:00</subfield>
    <subfield code="t">C-1</subfield>
    <subfield code="w">2014-05-28</subfield>
    <subfield code="y">CR</subfield>
  </datafield>
  <datafield tag="952" ind1=" " ind2=" ">
    <subfield code="0">0</subfield>
    <subfield code="1">0</subfield>
    <subfield code="2">ddc</subfield>
    <subfield code="4">0</subfield>
    <subfield code="5">1</subfield>
    <subfield code="7">1</subfield>
    <subfield code="a">RUCL</subfield>
    <subfield code="b">RUCL</subfield>
    <subfield code="c">Serials </subfield>
    <subfield code="d">2014-05-24</subfield>
    <subfield code="e">BARD, Gift</subfield>
    <subfield code="h">Volume 37 No.1-2  (2001)</subfield>
    <subfield code="l">0</subfield>
    <subfield code="o">P 307.7209549265 JRD V-37No.1-2 2010-12</subfield>
    <subfield code="r">2014-05-28 00:00:00</subfield>
    <subfield code="t">C-1</subfield>
    <subfield code="w">2014-05-28</subfield>
    <subfield code="y">CR</subfield>
  </datafield>
  <datafield tag="952" ind1=" " ind2=" ">
    <subfield code="0">0</subfield>
    <subfield code="1">0</subfield>
    <subfield code="2">ddc</subfield>
    <subfield code="4">0</subfield>
    <subfield code="5">1</subfield>
    <subfield code="7">1</subfield>
    <subfield code="a">RUCL</subfield>
    <subfield code="b">RUCL</subfield>
    <subfield code="c">Serials </subfield>
    <subfield code="d">2014-05-24</subfield>
    <subfield code="e">BARD, Gift</subfield>
    <subfield code="h">Volume 33 No.1-2  (2006)</subfield>
    <subfield code="l">0</subfield>
    <subfield code="o">P 307.7209549265 JRD V-33No.1-2 2006</subfield>
    <subfield code="r">2014-05-28 00:00:00</subfield>
    <subfield code="t">C-1</subfield>
    <subfield code="w">2014-05-28</subfield>
    <subfield code="y">CR</subfield>
  </datafield>
  <datafield tag="952" ind1=" " ind2=" ">
    <subfield code="0">0</subfield>
    <subfield code="1">0</subfield>
    <subfield code="2">ddc</subfield>
    <subfield code="4">0</subfield>
    <subfield code="5">1</subfield>
    <subfield code="7">1</subfield>
    <subfield code="a">RUCL</subfield>
    <subfield code="b">RUCL</subfield>
    <subfield code="c">Serials </subfield>
    <subfield code="d">2014-05-24</subfield>
    <subfield code="e">BARD, Gift</subfield>
    <subfield code="h">Volume 35 No.1-2  (2008)</subfield>
    <subfield code="l">0</subfield>
    <subfield code="o">P 307.7209549265 JRD V-35 No.1-2 2008</subfield>
    <subfield code="r">2014-05-28 00:00:00</subfield>
    <subfield code="t">C-1</subfield>
    <subfield code="w">2014-05-28</subfield>
    <subfield code="y">CR</subfield>
  </datafield>
</record>
